<?xml version="1.0" encoding="UTF-8"?>
<collection xmlns="http://www.loc.gov/MARC21/slim">
 <record>
  <leader>05624nam a2200337 a 4500</leader>
  <controlfield tag="001">kal3443</controlfield>
  <controlfield tag="003">Gr-AtHEAL</controlfield>
  <controlfield tag="005">20160427135421.0</controlfield>
  <controlfield tag="006">m        d        </controlfield>
  <controlfield tag="008">160413s2015    gr      s           gre|c</controlfield>
  <datafield tag="020" ind1=" " ind2=" ">
   <subfield code="a">9789606030789</subfield>
  </datafield>
  <datafield tag="040" ind1=" " ind2=" ">
   <subfield code="a">GR-AtHEAL</subfield>
   <subfield code="b">gre</subfield>
   <subfield code="c">GR-AtHEAL</subfield>
  </datafield>
  <datafield tag="082" ind1="0" ind2="4">
   <subfield code="a">006.3</subfield>
   <subfield code="2">23</subfield>
  </datafield>
  <datafield tag="100" ind1="1" ind2=" ">
   <subfield code="a">Καμπουρλάζος, Βασίλειος.</subfield>
   <subfield code="8">2188</subfield>
  </datafield>
  <datafield tag="245" ind1="1" ind2="0">
   <subfield code="a">Εισαγωγή στην υπολογιστική νοημοσύνη</subfield>
   <subfield code="h">[Ηλεκτρονικός πόρος] </subfield>
   <subfield code="b">Μια ολιστική προσέγγιση</subfield>
   <subfield code="c">Καμπουρλάζος, Βασίλειος ; Παπακώστας, Γεώργιος ; Κριτικός αναγνώστης,Κεχαγιάς, Αθανάσιος ; Γλωσσική επιμέλεια,Βιολιτζή, Γεωργία.</subfield>
  </datafield>
  <datafield tag="260" ind1=" " ind2=" ">
   <subfield code="a">Αθήνα :</subfield>
   <subfield code="b">Σύνδεσμος Ελληνικών Ακαδημαϊκών Βιβλιοθηκών,</subfield>
   <subfield code="c">c2015.</subfield>
  </datafield>
  <datafield tag="490" ind1=" " ind2=" ">
   <subfield code="a">Ακαδημαϊκά Ηλεκτρονικά Συγγράμματα και Βοηθήματα Κάλλιπος</subfield>
   <subfield code="8">40</subfield>
  </datafield>
  <datafield tag="520" ind1=" " ind2=" ">
   <subfield code="a">Η Υπολογιστική Νοημοσύνη αρχικά ορίστηκε ως το σύνολο τριών τεχνολογιών που περιλαμβάνουν τα νευρωνικά δίκτυα, τα ασαφή συστήματα και τον εξελικτικό υπολογισμό. Αργότερα προτάθηκαν επιπλέον τεχνολογίες, π.χ. συστήματα στήριξης αποφάσεων, μηχανικής μάθησης, εξόρυξης δεδομένων, και ποικίλες συνέργειες αυτών. Η διευρυμένη Υπολογιστική Νοημοσύνη έχει ως αντικείμενο την ανάλυση και σχεδίαση μοντέλων για μάθηση ή/και γενίκευση που βασίζονται σε αριθμητικά δεδομένα. Σημειώστε ότι η διαδικασία της μάθησης θέτει και το θέμα της αναπαράστασης της πληροφορίας.Πρόσφατα δημοσιεύματα τοποθετούν την Υπολογιστική Νοημοσύνη στον πυρήνα τεχνολογιών αιχμής που έχουν να κάνουν με την επεξεργασία τεράστιου όγκου δεδομένων, την αλληλεπίδραση ανθρώπου-υπολογιστή, το Διαδίκτυο πραγμάτων, κλπ [1]. Περαιτέρω στο [1], υποστηρίζεται η ανάγκη για μια ολιστική άποψη στην διδασκαλία της Υπολογιστικής Νοημοσύνης (αντί των αποσπασματικών απόψεων που προτείνουν επιμέρους τεχνολογίες) με έμφαση όχι μόνο σε πρακτικές εφαρμογές αλλά και σε βασική γνώση.Ο σκοπός αυτού του βιβλίου είναι να εισάγει στην επιστημονική περιοχή της Υπολογιστικής Νοημοσύνης με προοπτική εφαρμογών σε αναδυόμενες τεχνολογίες. Τον σκελετό της παρουσίασης αποτελούν μοντέλα και αλγόριθμοι. Στο Παράρτημα αυτού του βιβλίου δίνεται λογισμικό υλοποίησης αλγόριθμων σε MATLAB καθώς και παραδείγματα πρακτικών εφαρμογών. Εκτεταμένα και οπτικο-ακουστικά σχόλια των συγγραφέων φιλοδοξούν να δώσουν κίνητρο για βαθύτερη μελέτη ξεκινώντας από την επιλεγμένη βιβλιογραφία που παρατίθεται ανά κεφάλαιο. Η διευρυμένη Υπολογιστική Νοημοσύνη αποτελεί το ένα σκέλος της ολιστικής προσέγγισης που προτείνεται εδώ. Το άλλο σκέλος αφορά μια ενοποίηση της ανάλυσης και σχεδίασης στην Υπολογιστική Νοημοσύνη μέσω μιας ενοποιημένης αναπαράστασης της πληροφορίας στη βάση της μαθηματικής θεωρίας πλεγμάτων.[1] M. M. Polycarpou, “Computational intelligence in the undergraduate curriculum”, IEEE Computational Intelligence Magazine, vol. 8, no. 2, p. 3, May 2013.</subfield>
  </datafield>
  <datafield tag="650" ind1=" " ind2="0">
   <subfield code="a">Computational intelligence</subfield>
   <subfield code="8">2698</subfield>
  </datafield>
  <datafield tag="653" ind1=" " ind2=" ">
   <subfield code="a">Ενοποιημένη αναπαράσταση δεδομένων</subfield>
  </datafield>
  <datafield tag="653" ind1=" " ind2=" ">
   <subfield code="a">Εξελικτικός υπολογισμός</subfield>
  </datafield>
  <datafield tag="653" ind1=" " ind2=" ">
   <subfield code="a">Ασαφή συστήματα</subfield>
  </datafield>
  <datafield tag="653" ind1=" " ind2=" ">
   <subfield code="a">Νευρωνικά δίκτυα</subfield>
  </datafield>
  <datafield tag="653" ind1=" " ind2=" ">
   <subfield code="a">Επιστήμη υπολογιστών / Πληροφορική</subfield>
   <subfield code="a">Ευφυή συστήματα</subfield>
  </datafield>
  <datafield tag="700" ind1="1" ind2=" ">
   <subfield code="a">Παπακώστας, Γεώργιος</subfield>
   <subfield code="e">Συγγραφέας</subfield>
   <subfield code="8">2189</subfield>
  </datafield>
  <datafield tag="700" ind1="1" ind2=" ">
   <subfield code="a">Κεχαγιάς, Αθανάσιος</subfield>
   <subfield code="e">Κριτικός αναγνώστης</subfield>
   <subfield code="8">2190</subfield>
  </datafield>
  <datafield tag="856" ind1="4" ind2="0">
   <subfield code="u">http://hdl.handle.net/11419/3443</subfield>
   <subfield code="z">Πλήρες Κείμενο - Full text</subfield>
  </datafield>
  <datafield tag="907" ind1=" " ind2=" ">
   <subfield code="a">.b25678565</subfield>
   <subfield code="b">12-06-18</subfield>
   <subfield code="c">29-07-16</subfield>
  </datafield>
  <datafield tag="949" ind1=" " ind2=" ">
   <subfield code="0">0</subfield>
   <subfield code="1">0</subfield>
   <subfield code="2">ddc</subfield>
   <subfield code="4">0</subfield>
   <subfield code="6">006_300000000000000_ΚΑΜ</subfield>
   <subfield code="7">0</subfield>
   <subfield code="8">KALL</subfield>
   <subfield code="8">615</subfield>
   <subfield code="d">2016-04-13</subfield>
   <subfield code="r">2016-04-13</subfield>
   <subfield code="w">2016-04-13</subfield>
   <subfield code="z">006.3 ΚΑΜ</subfield>
   <subfield code="o">SEAB KALLIPOS</subfield>
  </datafield>
  <datafield tag="998" ind1=" " ind2=" ">
   <subfield code="a">80</subfield>
   <subfield code="a">01</subfield>
   <subfield code="a">02</subfield>
   <subfield code="a">03</subfield>
   <subfield code="a">04</subfield>
   <subfield code="a">05</subfield>
   <subfield code="a">06</subfield>
   <subfield code="a">07</subfield>
   <subfield code="a">08</subfield>
   <subfield code="a">09</subfield>
   <subfield code="a">10</subfield>
   <subfield code="a">11</subfield>
   <subfield code="a">12</subfield>
   <subfield code="a">13</subfield>
   <subfield code="a">14</subfield>
   <subfield code="a">15</subfield>
   <subfield code="a">16</subfield>
   <subfield code="a">17</subfield>
   <subfield code="a">18</subfield>
   <subfield code="a">19</subfield>
   <subfield code="a">20</subfield>
   <subfield code="a">21</subfield>
   <subfield code="a">22</subfield>
   <subfield code="a">23</subfield>
   <subfield code="a">24</subfield>
   <subfield code="a">25</subfield>
   <subfield code="a">26</subfield>
   <subfield code="b">10-05-17</subfield>
   <subfield code="c">m</subfield>
   <subfield code="d">z  </subfield>
   <subfield code="e">-</subfield>
   <subfield code="f">gre</subfield>
   <subfield code="g">gr </subfield>
   <subfield code="h">0</subfield>
  </datafield>
  <datafield tag="942" ind1=" " ind2=" ">
   <subfield code="2">ddc</subfield>
   <subfield code="c">KALLIPOS</subfield>
  </datafield>
 </record>
</collection>
